The Syrian rebellion (Record no. 187448)
[ view plain ]
| 000 -LEADER | |
|---|---|
| fixed length control field | 02074nam a2200421 a 4500 |
| 082 04 - DEWEY DECIMAL CLASSIFICATION NUMBER | |
| Classification number | 956.9104/2 |
| 100 1# - MAIN ENTRY--AUTHOR NAME | |
| Personal name | Ajami, Fouad. |
| 245 14 - TITLE STATEMENT | |
| Title | The Syrian rebellion |
| 260 ## - PUBLICATION, DISTRIBUTION, ETC. (IMPRINT) | |
| Place of publication | Stanford, Calif. : |
| Name of publisher | Hoover Institution Press, Stanford University, |
| Year of publication | 2012. |
| 300 ## - PHYSICAL DESCRIPTION | |
| Number of Pages | xx, 240 p. : |
| Other physical details | map. |
| 490 1# - SERIES STATEMENT | |
| Series statement | Hoover Institution Press publication ; |
| 500 ## - GENERAL NOTE | |
| General note | "Herbert and Jane Dwight Working Group on Islamism and the International Order"--Title page verso. |
| 505 0# - FORMATTED CONTENTS NOTE | |
| Formatted contents note | Prologue : the inheritor -- Come the mountain people -- The time of the founder -- False dawn -- The boys of Deraa -- The phantoms of Hama -- The truth of the sects -- Sarajevo on the Orontes -- The stalemate -- Dreaming of home : a note on the exiles -- Fragments of a past mourned and dreaded. |
| 650 #0 - SUBJECT ADDED ENTRY--TOPICAL TERM | |
| Topical Term | Political violence |
| Topical Term | Protest movements |
| 856 40 - ELECTRONIC LOCATION AND ACCESS | |
| Uniform Resource Identifier | http://site.ebrary.com/lib/rucke/Doc?id=10580563 |
No items available.
